000 00671nam a22002417a 4500
001 86646
003 UA-OsUOA
005 20200727141517.0
007 ta
008 20120910b un ||||| |||| 00| 0 ukr d
040 _aUA-OsUOA
_brus
_cUA-OsUOA
_dUA-OsUOA
041 _arus
080 _a947.085
090 _a947.085
_bК78
100 _aКрайнюков К. В.
245 _aОружие особого рода
260 _aМ.
_bВоениздат
_c1977
300 _a671 с.
650 7 _a9 Географія. Біографії. Історія
_2UDC
942 _cBK
_2udc
955 _a5
999 _c372806
_d372806